Efficacy of venture capital financing process in India: a study of selected venture capital firms (Record no. 13409)

MARC details
000 -LEADER
fixed length control field 00505nam a2200169Ia 4500
082 ## - DEWEY DECIMAL CLASSIFICATION NUMBER
Classification number TA.0297
100 ## - MAIN ENTRY--AUTHOR NAME
Personal name Ahmad, Naseeb
245 #0 - TITLE STATEMENT
Title Efficacy of venture capital financing process in India: a study of selected venture capital firms
260 ## - PUBLICATION, DISTRIBUTION, ETC. (IMPRINT)
Year of publication 2008
Name of publisher Jamia Millia Islamia, New Delhi
300 ## - PHYSICAL DESCRIPTION
Number of Pages 261
504 ## - BIBLIOGRAPHY, ETC. NOTE
Bibliography, etc includes appendices and bibliography
650 ## - SUBJECT ADDED ENTRY--TOPICAL TERM
Topical Term Capital
Geographic subdivision India
650 ## - SUBJECT ADDED ENTRY--TOPICAL TERM
Topical Term Venture capital
Geographic subdivision India
650 ## - SUBJECT ADDED ENTRY--TOPICAL TERM
Topical Term Finance
Geographic subdivision India
710 ## - ADDED ENTRY--CORPORATE NAME
Corporate name or jurisdiction name as entry element Qamar, Furqan
942 ## - ADDED ENTRY ELEMENTS (KOHA)
Koha item type Thesis
Source of classification or shelving scheme Dewey Decimal Classification
Holdings
Withdrawn status Lost status Damaged status Not for loan Home library Current library Date acquired Source of acquisition Bill Date Full call number Accession Number Price effective from Koha item type
        NASSDOC Library NASSDOC Library 20/01/2009 Gifted by : Fellowship Division, ICSSR 2008-12-30 TA.0297 44938 18/04/2019 Thesis